The United Nations system, international bibliography = Das System der Vereinten Nationen, internationale Bibliographie /

Bibliographic Details
Main Author: Hüfner, Klaus
Other Authors: Naumann, Jens
Format: Book
Language:English
German
Published: Munchen : Verlag Dokumentation, 1976-1979.
Edition:Unverand. Sonderausg.
Subjects:

MARC

Tag First Indicator Second Indicator Subfields
LEADER 00000cam a2200000 a 4500
001 in00000658564
005 20151015065731.0
008 780125m19761979gw b 00110 engm
010 |a  77566745  
015 |a GFR77-A (v. 1) 
020 |a 3794022505 (v. 1) :  |c DM98.00 (v. 1) 
020 |a 3794022513 (v. 2a) 
020 |a 3794022521 (v. 2b) 
020 |a 379402253X (v. 3a) 
020 |a 3794022548 (v. 3b) 
035 |a (OCoLC)03579524 
035 |9 ACW5427AM 
040 |a DLC  |c DLC  |d m.c.  |d TXA  |d UtOrBLW 
041 0 |a eng  |a ger 
049 |a TXAF  |d [  |v =Bd.]  |v 1 [984075]  |v 2a [984076]  |v 2b [984077]  |v 3a [984078]  |v 3b [984079] 
050 0 0 |a Z6481  |b .H83 1976  |a JX1977 
082 0 |a 016.34123 
100 1 |a Hüfner, Klaus. 
245 1 4 |a The United Nations system, international bibliography =  |b Das System der Vereinten Nationen, internationale Bibliographie /  |c Klaus Hufner, Jens Naumann. 
246 3 1 |a Das System der Vereinten Nationen, internationale Bibliographie  
250 |a Unverand. Sonderausg. 
264 1 |a Munchen :  |b Verlag Dokumentation,  |c 1976-1979. 
300 |a 3 volumes in 5 ;  |c 24 cm. 
336 |a text  |b txt  |2 rdacontent 
337 |a unmediated  |b n  |2 rdamedia 
338 |a volume  |b nc  |2 rdacarrier 
500 |a Volume 1 originally published in 1968 under title: Zwanzig Jahre Vereinte Nationen, internationale Bibliographie, 1945-1965. 
500 |a Volume 3b published by: Munchen ; New York : K.G. Saur. 
500 |a Includes indexes. 
505 0 |a v. 1. Learned journals and monographs, 1945-1965 -- v. 2a. Learned journals, 1965-1970 -- v. 2b. Learned journals, 1971-1975 -- v. 3a. Monographs and articles in collective volumes, 1965-1970 -- v. 3b. Monographs and articles in collective volumes, 1971-1975. 
610 2 0 |a United Nations  |x Bibliography. 
700 1 |a Naumann, Jens. 
740 4 |a Das System der Vereinten Nationen, internationale Bibliographie. 
999 |a MARS 
999 f f |s 42c5dfd2-c301-3f3b-bd58-82c04c4d4979  |i e691a658-eb1f-3be6-97a6-06abc9a5d151  |t 0 
952 f f |p ric  |a Texas A&M University  |b Rellis Campus  |c Joint Library Facility  |d Remote Storage  |t 0  |e Z6481 .H83 1976  |h Library of Congress classification  |i unmediated -- volume  |k v.3A  |m A14842632417 
952 f f |p ric  |a Texas A&M University  |b Rellis Campus  |c Joint Library Facility  |d Remote Storage  |t 0  |e Z6481 .H83 1976  |h Library of Congress classification  |i unmediated -- volume  |k v.2B  |m A14842632425 
952 f f |p ric  |a Texas A&M University  |b Rellis Campus  |c Joint Library Facility  |d Remote Storage  |t 0  |e Z6481 .H83 1976  |h Library of Congress classification  |i unmediated -- volume  |k v.1  |m A14842632441 
952 f f |p ric  |a Texas A&M University  |b Rellis Campus  |c Joint Library Facility  |d Remote Storage  |t 0  |e Z6481 .H83 1976  |h Library of Congress classification  |i unmediated -- volume  |k v.2A  |m A14842632433 
952 f f |p ric  |a Texas A&M University  |b Rellis Campus  |c Joint Library Facility  |d Remote Storage  |t 0  |e Z6481 .H83 1976  |h Library of Congress classification  |i unmediated -- volume  |k v.3B  |m A14842632409 
998 f f |a Z6481 .H83 1976  |s v.1-3B  |t 0  |l Remote Storage